Normal view
MARC view
- Yi, Lifang.
Entry Personal Name
001 - CONTROL NUMBER
- control field: 54822
003 - CONTROL NUMBER IDENTIFIER
- control field: OSt
005 - DATE AND TIME OF LATEST TRANSACTION
- control field: 20240315130807.0
008 - FIXED-LENGTH DATA ELEMENTS
- fixed length control field: 240315|| aca||aabn | a|a d
040 ## - CATALOGING SOURCE
- Original cataloging agency: OSt
- Transcribing agency: OSt
100 ## - HEADING--PERSONAL NAME
- Personal name: Yi, Lifang.
- Relator term: author.
670 ## - SOURCE DATA FOUND
- Source citation: Work cat.: (OSt): Yi, Lifang. author., Bidirectional Q-Z-source DC circuit breaker /, August 2022.
